000
00255nam a2200109Ia 4500
008
190914s9999||||xx |||||||||||||| ||und||
100
_a
Manuel G. Velasquez
245
0
_a
Business Ethics
260
_a
New Delhi
_b
Addison
_c
2001
300
_a
624
942
_c
BK
999
_c
9014
_d
9014